Quality, Environment, Healt and Safety Integrated Management System in construction company

Gespeichert in:
Bibliographische Detailangaben
1. Verfasser: Radwan, Jadallah (Verfasst von)
Weitere Verfasser: Gašparík, Jozef (Betreuung Doktorarbeit)
Format: Manuskript Buch
Sprache:Slowakisch
Englisch
Veröffentlicht: 2021
Schlagworte:
Online-Zugang:http://is.stuba.sk/zp/portal_zp.pl?podrobnosti=159631
https://opac.crzp.sk/?fn=detailBiblioForm&sid=7E417B54B864B7C45921FD4635AB
Tags: Tag hinzufügen
Keine Tags, Fügen Sie das erste Tag hinzu!

MARC

LEADER 00000ntm a22000003a 4500
001 stuzp84954
003 SK-STU
005 20230515125041.5
007 ta
008 150427s2015----xo-----f-mn---000-0-slo-d
040 |a STU  |b slo 
041 0 |a eng 
100 1 |a Radwan, Jadallah  |u 010270  |4 aut  |U SvF Stavebná fakulta  |T SvF Katedra technológie stavieb  |X 62742  |U V270  |Y 28  |7 62742 
242 0 1 |a Integrovaný systém riadenia kvality, životného prostredia, zdravia a bezpečnosti v stavebnej spoločnosti  |y slo 
245 1 0 |a Quality, Environment, Healt and Safety Integrated Management System in construction company 
260 |c 2021 
650 4 |a Management  |2 slo 
650 4 |a IMS  |2 slo 
650 4 |a Quality  |2 slo 
650 4 |a Quality  |2 eng 
650 4 |a Management  |2 eng 
650 4 |a IMS  |2 eng 
650 4 |a Construction  |2 eng 
700 1 |a Gašparík, Jozef  |u 010270  |k Z1  |4 ths  |U SvF Stavebná fakulta  |T SvF Katedra technológie stavieb  |X 2737  |U V270  |Y 28  |7 A000002737 
856 4 |u http://is.stuba.sk/zp/portal_zp.pl?podrobnosti=159631 
856 4 |u https://opac.crzp.sk/?fn=detailBiblioForm&sid=7E417B54B864B7C45921FD4635AB